Представление документа в формате RUSMARC

ПолеНазваниеЗначение
  Тип записи a
  Библиографический уровень a
001 Контрольный номер RU/CBS_UL/BASE/63516c53ca5f4d70b5a5a595deff07b8
005 Дата корректировки 20240522112730.2
100 Данные общей обработки __
a Данные общей обработки 20240522 ||| 0rusy0189 ca
101 Язык документа 0_
a Язык текста rus
102 Страна публикации __
a Страна публикации RU
200 Заглавие и сведения об ответственности 1_
a Заглавие Недетская проблема: отит
e Сведения, относящиеся к заглавию [отчего бывает и как проявляется отит]
300 Общие примечания __
a Общие примечания 16+
461 Уровень набора _0
1 2000
a Твое здоровье
463 Уровень физической единицы _0
1 2000
a № 3
v С. 36-37
1 2101
d 2024
1 001RU/CBS_UL/BASE/af70b7f8a64b4d6a80a8c26cb02a0afb
606 Тематические рубрики 0_
a Основная рубрика Отиты - Лечение
610 Ключевые слова 0_
a Ключевые слова отиты
610 Ключевые слова 0_
a Ключевые слова причины отита
610 Ключевые слова 0_
a Ключевые слова симптомы отита
610 Ключевые слова 0_
a Ключевые слова лечение отита
610 Ключевые слова 0_
a Ключевые слова серные пробки
610 Ключевые слова 0_
a Ключевые слова серные ушные пробки
686 Индексы других классификаций __
2 Код системы rubbk
a Классификационный индекс 56.836
801 Источник записи _0
a Страна RU
b Организация МБУК ЦБС г. Ульяновска
c Дата составления 20240522
g Правила каталогизации RCR
801 Источник записи _1
a Страна RU
b Организация МБУК ЦБС г. Ульяновска
c Дата составления 20240522
g Правила каталогизации RCR
901 Тип документа __
t Тип документа b
w Контрольный № источника RU/CBS_UL/BASE/af70b7f8a64b4d6a80a8c26cb02a0afb
909 Создатель записи __
a Создатель записи lib2